000
00297nam a22001337a 4500
008
181019b xxu||||| |||| 00| 0 eng d
020
_a
9780155080577
041
_a
eng
080
_2
3rd
_a
159.9
100
_a
48
101
_a
PSI
245
_a
Cognitive Psychology
_c
Medin,D.L
942
_2
udc
_c
BK
999
_c
50189
_d
50189